| 000 | 00487nam a2200205Ia 4500 | ||
|---|---|---|---|
| 008 | 170918s9999 xx 000 0 und d | ||
| 020 | _a9780545823418 | ||
| 050 | _bO974 2015 | ||
| 100 | _aOwen, John | ||
| 245 | _a#prehistoric : | ||
| 245 | _bfollow the dinosaurs / | ||
| 245 | _cby John Owen. | ||
| 250 | _aFirst edition | ||
| 260 | _aNew York : | ||
| 260 | _bScholastic, | ||
| 260 | _c2015 | ||
| 300 | _a115 pages : | ||
| 300 | _bcolor illustrations ; | ||
| 300 | _c20cm. | ||
| 999 |
_c344043 _d344043 |
||